Nghiên cứu khảo sát sự phân bố và mối tương quan giữa Chlorophyll với một vài kim loại trong một số loại rau ăn lá được trồng trên địa bàn Thành phố Đà Lạt : Luận văn Thạc sĩ Hoá học /

Wedi'i Gadw mewn:
Manylion Llyfryddiaeth
Prif Awdur: Nguyễn Thị Hồng Thắm.
Awduron Eraill: Nguyễn Mộng Sinh, PGS.TS (hướng dẫn.)
Fformat: Luận văn
Iaith:Vietnamese
Cyhoeddwyd: Đà Lạt : Trường Đại học Đà lạt, 2009.
Pynciau:
Tagiau: Ychwanegu Tag
Dim Tagiau, Byddwch y cyntaf i dagio'r cofnod hwn!
Thư viện lưu trữ: Thư viện Trường Đại học Đà Lạt
LEADER 01320nam a2200301 4500
001 DLU100105377
005 ##20100329
040 # # |a DLU  |b vie 
041 # # |a vie 
044 # # |a vn 
082 # # |a 543  |b NG-T 
100 # # |a Nguyễn Thị Hồng Thắm. 
245 # # |a Nghiên cứu khảo sát sự phân bố và mối tương quan giữa Chlorophyll với một vài kim loại trong một số loại rau ăn lá được trồng trên địa bàn Thành phố Đà Lạt :  |b Luận văn Thạc sĩ Hoá học /  |c Nguyễn Thị Hồng Thắm; Nguyễn Mộng Sinh hướng dẫn. 
260 # # |a Đà Lạt :  |b Trường Đại học Đà lạt,  |c 2009. 
300 # # |a 93 tr. :  |b minh hoạ ;  |c 30 cm. 
504 # # |a Tài liệu tham khảo: tr. 90. 
653 # # |a Hoá sinh  |a Cây thực phẩm  |a Rau ăn lá  |a Sinh trưởng  |a Chlorophyll  |a Nguyên tố dinh dưỡng  |a Nguyên tố vi lượng  |a Nguyên tố kim loại  |a Phân tích hàm lượng  
700 # # |a Nguyễn Mộng Sinh,  |c PGS.TS,  |e hướng dẫn. 
915 # # |a Hoá Phân tích  |b 604429  |c Thạc sĩ  |d Trường Đại học Đà lạt  |e Bộ Giáo dục và Đào tạo 
992 # # |a 0 
994 # # |a DLU 
900 # # |a True 
911 # # |a Đào Thị Thu Huyền 
925 # # |a G 
926 # # |a A 
927 # # |a LA 
980 # # |a Thư viện Trường Đại học Đà Lạt